000 00288pam a2200121 a 4500
020 _a81-7446-029-2
_c
041 _h
082 _a658.45
_bTHO
100 _aTHOMSON P.,
245 _aSELL YOUR WAY TO THE TOP
_hTextual Documents
260 _aNEW DELHI
_bEXCEL BOOKS
_c1993
930 _a6674
999 _c126138
_d126138